A sajtó a múlt precíz tárháza miről ír az Irodalmi Szemle februári száma?

Bibliographic Details
Main Author: (zsolt) (Author)
Format: Article
Language:Hungarian
PhysicalDescription:Fotogr.
Subjects:

MARC

LEADER 00000nab a2200000 ar4500
001 vtls008954096
003 SK-MaSNL
005 20260319071314.0
008 070212c20070212xo |||||||| 000 b|hun
015 |a SNBRB2007/02  |2 snkbucl 
038 |a SNKBUCL 
040 |a DSZK  |b slo  |c DSZK  |e AACR2 
041 0 |a hun 
044 |a xo  |c SK 
080 |a 82:070  |x (=511.141)  |x (437.6)  |2 1997 
080 |a 070.488  |x (=511.141)  |x (437.6)  |2 1997 
100 0 |a (zsolt)  |4 aut  |9 871040 
245 1 0 |a A sajtó a múlt precíz tárháza  |b miről ír az Irodalmi Szemle februári száma?  |c [szerző] (zsolt) 
300 |b Fotogr. 
630 0 7 |a Irodalmi szemle (časopis)  |y 2007  |x č. 2  |2 snkbucl  |9 1065237 
655 7 |a bibliografické prehľady  |2 snkbucl  |9 534643 
773 0 |t Új szó  |g Évf. 60, sz. 35 (12.2.2007), o. 6 
852 |a SNK  |b KIS3GCP 
852 |a DSZK  |b KIS3GCP 
958 |a HU 
958 |a SK 
958 |a LX 
999 |c 1754746  |d 1756676